000 00988cam a2200265 a 4500
001 1619245
005 20250317185005.0
008 960401s1996 nyua b 001 0 eng
020 _a007034258X
020 _a9780070342583
050 0 0 _aHN90.S6
_bK47 1996
082 0 0 _a305.5/0973
_220
100 1 _aKerbo, Harold R.
245 1 0 _aSocial stratification and inequality :
_bclass conflict in historical and comparative perspective /
_cHarold R. Kerbo.
250 _a3rd ed.
260 _aNew York :
_bMcGraw-Hill,
_cc1996.
300 _axviii, 573 p. :
_bill. ;
_c25 cm.
650 0 _aSocial classes
_zUnited States.
650 0 _aSocial conflict
_zUnited States.
650 0 _aEquality
_zunited States.
650 0 _aSocial mobility
_zUnited States.
856 4 2 _3Publisher description
_uhttp://www.loc.gov/catdir/enhancements/fy0602/95081664-d.html
856 4 1 _3Table of contents only
_uhttp://www.loc.gov/catdir/enhancements/fy0602/95081664-t.html
942 _2lcc
_cBK
_e3rd Ed.
_n0
999 _c4909
_d4909